Ultimate Country Demonyms Quiz - Statistics

General Stats
  • This quiz has been taken 237 times
  • The average score is 135 of 196
Answer Stats
Country Demonym % Correct
Afghanistan Afghan
97%
Albania Albanian
96%
Algeria Algerian
95%
Armenia Armenian
93%
Argentina Argentine
92%
Australia Australian
92%
Austria Austrian
92%
Angola Angolan
89%
Andorra Andorran
88%
Azerbaijan Azerbaijani
87%
Bahrain Bahraini
87%
Bangladesh Bangladeshi
87%
Belarus Belarusian
86%
Bolivia Bolivian
86%
Antigua and Barbuda Antiguan or Barbudan
85%
Belgium Belgian
84%
United States American
83%
Bosnia and Herzegovina Bosnian or Herzegovinan
83%
Canada Canadian
83%
Lithuania Lithuanian
83%
Bulgaria Bulgarian
82%
Cambodia Cambodian
82%
China Chinese
82%
Croatia Croatian
81%
France French
81%
Libya Libyan
81%
Malaysia Malaysian
81%
United Kingdom British
80%
Egypt Egyptian
80%
Germany German
80%
Iraq Iraqi
80%
Israel Israeli
80%
Japan Japanese
80%
Mexico Mexican
80%
Pakistan Pakistani
80%
Portugal Portuguese
80%
Colombia Colombian
79%
Cuba Cuban
79%
Dominica | Dominican Republic Dominican
79%
India Indian
79%
Italy Italian
79%
Latvia Latvian
79%
Nigeria Nigerian
79%
North Korea North Korean
79%
Russia Russian
79%
South Korea South Korean
79%
Chile Chilean
78%
Costa Rica Costa Rican
78%
Czech Republic Czech
78%
Estonia Estonian
78%
Gambia Gambian
78%
Georgia Georgian
78%
Hungary Hungarian
78%
Indonesia Indonesian
78%
Iran Iranian
78%
Ireland Irish
78%
Jamaica Jamaican
78%
Kenya Kenyan
78%
Poland Polish
78%
Romania Romanian
78%
Vietnam Vietnamese
78%
Denmark Dane
77%
Ecuador Ecuadorian
77%
Ethiopia Ethiopian
77%
Haiti Haitian
77%
Liberia Liberian
77%
Mongolia Mongolian
77%
Oman Omani
77%
Slovakia Slovak
77%
Somalia Somali
77%
Sweden Swedish
77%
Switzerland Swiss
77%
Thailand Thai
77%
Ukraine Ukrainian
77%
Zambia Zambian
77%
Greece Greek
76%
Saudi Arabia Saudi Arabian
76%
Serbia Serbian
76%
Spain Spanish
76%
Taiwan Taiwanese
76%
Turkey Turkish
76%
Fiji Fijian
75%
Finland Finnish
75%
Iceland Icelandic
75%
Kazakhstan Kazakhstani
75%
Lebanon Lebanese
75%
Namibia Namibian
75%
Nepal Nepali
75%
Netherlands Netherlandic
75%
Qatar Qatari
75%
Samoa Samoan
75%
South Africa South African
75%
Syria Syrian
75%
Tunisia Tunisian
75%
Malawi Malawian
74%
Moldova Moldovan
74%
Morocco Moroccan
74%
Slovenia Slovene
74%
Sudan Sudanese
74%
Uzbekistan Uzbekistani
74%
Yemen Yemeni
74%
New Zealand Zelanian
74%
Guatemala Guatemalan
73%
Guinea Guinean
73%
Kuwait Kuwaiti
73%
Laos Lao
73%
Malta Maltese
73%
Nicaragua Nicaraguan
73%
Sri Lanka Sri Lankan
73%
Tanzania Tanzanian
73%
Uganda Ugandan
73%
Kyrgyzstan Kyrgyzstani
72%
Mali Malian
72%
Federated States of Micronesia Micronesian
72%
Rwanda Rwandan
72%
Senegal Senegalese
72%
South Sudan South Sudanese
72%
Tonga Tongan
72%
Turkmenistan Turkmen
72%
Venzuela Venezuelan
72%
Cameroon Cameroonian
71%
Mauritania Mauritanian
71%
Chad Chadian
70%
Eritrea Eritrean
70%
Bhutan Bhutanese
69%
Burundi Burundian
69%
Gabon Gabonese
69%
Jordan Jordanian
69%
North Macedonia Macedonian
69%
Maldives Maldivian
69%
Norway Norwegian
69%
Peru Peruvian
69%
Tajikistan Tajikistani
69%
Bahamas Bahamian
68%
Cyprus Cypriot
67%
Vatican City Vatican
67%
Kiribati I-Kiribati
66%
Djibouti Djiboutian
65%
Grenada Grenadian
65%
Philippines Filipino
64%
Honduras Honduran
64%
Botswana Motswana
64%
Paraguay Paraguayan
64%
Uruguay Uruguayan
64%
Liechtenstein Liechtensteiner
62%
Zimbabwe Zimbabwean
62%
Barbados Barbadian
61%
Democratic Republic of the Congo | Republic of the Congo Congolese
61%
Mauritius Mauritian
61%
Saint Lucia Saint Lucian
61%
Guyana Guyanese
60%
Brunei Bruneian
59%
Singapore Singaporean
59%
Myanmar Burmese
58%
Luxembourg Luxembourgish
58%
Tuvalu Tuvaluan
58%
Papua New Guinea Papua New Guinean
57%
Suriname Surinamese
57%
Kosovo Kosovan
56%
Trinidad and Tobago Trinidadian or Tobagonian
56%
Benin Beninese
55%
Panama Panamanian
55%
Vanuatu Vanuatuan
55%
Monaco Monégasque
54%
Nauru Nauruan
54%
Palau Palauan
53%
Central African Republic Central African
51%
United Arab Emirates Emirati
51%
Equatorial Guinea Equatorial Guinean
49%
East Timor Timorese
47%
Belize Belizean
45%
Marshall Islands Marshallese
45%
Ghana Ghanaian
44%
Eswatini Swazi
43%
Burkina Faso Burkinabè/Burkinabé
42%
Comoros Comoran
41%
Ivory Coast Ivorian
41%
Saint Vincent and the Grenadines Saint Vincentian
41%
Brazil Brazillian
39%
Cape Verde Cabo Verdean
38%
El Salvador Salvadoran
37%
São Tomé and Príncipe São Toméan
37%
Montenegro Montenegrin
36%
Solomon Islands Solomon Island
36%
Togo Togolese
35%
Sierra Leone Sierra Leonean
33%
Madagascar Malagasy
32%
Saint Kitts and Nevis Kittitian or Nevisian
28%
Seychelles Seychellois
28%
Niger Nigerien
27%
Mozambique Mozambican
23%
San Marino Sammarinese
20%
Guinea-Bissau Bissau-Guinean
19%
Lesotho Basotho
16%
No matching quizzes found
Score Distribution
Percent of People with Each Score
Percentile by Number Answered
Your Score History
You have not taken this quiz